00000000nam##2200000za#4500
0019.662157
003CaOODSP
00520210615120417
007ta
008150407|2000||||xxc|||||     f|0| 0 eng|d
020 |a0-662-66086-2
040 |aCaOODSP|beng
041 |aeng
041 |afre
043 |an-cn---
0861 |aH21-141/2000
1101 |aCanada. |bHealth Canada. |bHealthy Environments and Consumer Safety Branch.
24510|aSustainable Development Strategy 2000 : |bsustaining our health / |cPrepared by Health Canada's Sustainable Development Working Group and the Office of Sustainable Development.
260 |aOttawa - Ontario : |bHealth Canada. |c2000.
300 |aEnglish text, 61p. : |breferences, tables ; |c28 cm.
500 |aN.B.: Incorrect catalogue number (H21-141/2000E) and ISBN (0-662-29363-0) printed in this publication.
546 |aBilingual
563 |aSoftcover
590 |a01-39|b2001-09-28
69007|aHealth policy|2gcpds
7760#|tStratégie de développement durable 2000 : |w(CaOODSP)9.640462
7760#|tSustainable development strategy 2000 : |w(CaOODSP)9.696345
792 |tStratégie de développement durable 2000 : |efre|w(CaOODSP)9.662158